<?xml version="1.0" encoding="UTF-8"?>
<record
    xmlns:xsi="http://www.w3.org/2001/XMLSchema-instance"
    xsi:schemaLocation="http://www.loc.gov/MARC21/slim http://www.loc.gov/standards/marcxml/schema/MARC21slim.xsd"
    xmlns="http://www.loc.gov/MARC21/slim">

  <leader>01112nam a22002057a 4500</leader>
  <datafield tag="999" ind1=" " ind2=" ">
    <subfield code="c">2095</subfield>
    <subfield code="d">2095</subfield>
  </datafield>
  <controlfield tag="001">4162</controlfield>
  <controlfield tag="003">BD-DhUAP</controlfield>
  <controlfield tag="005">20210128094135.0</controlfield>
  <controlfield tag="008">200219s2001    bg ||||| |||| 00| 0 ben d</controlfield>
  <datafield tag="020" ind1=" " ind2=" ">
    <subfield code="a">98480900503</subfield>
  </datafield>
  <datafield tag="040" ind1=" " ind2=" ">
    <subfield code="a">BD-DhUAP</subfield>
    <subfield code="b">Ben</subfield>
    <subfield code="c">BD-DhUAP</subfield>
    <subfield code="d">BD-DhUAP</subfield>
  </datafield>
  <datafield tag="082" ind1=" " ind2=" ">
    <subfield code="2">23</subfield>
    <subfield code="a">378.1095492 BAN</subfield>
  </datafield>
  <datafield tag="245" ind1=" " ind2=" ">
    <subfield code="a">&#x9AC;&#x9BE;&#x982;&#x9B2;&#x9BE;&#x9A6;&#x9C7;&#x9B6; &#x9AC;&#x9BF;&#x9B6;&#x9CD;&#x9AC;&#x9AC;&#x9BF;&#x9A6;&#x9CD;&#x9AF;&#x9BE;&#x9B2;&#x9AF;&#x9BC; &#x9AE;&#x99E;&#x9CD;&#x99C;&#x9C1;&#x9B0;&#x9BF; &#x995;&#x9AE;&#x9BF;&#x9B6;&#x9A8; : </subfield>
    <subfield code="b">&#x9AA;&#x9CD;&#x9B0;&#x9A4;&#x9BF;&#x9B7;&#x9CD;&#x9A0;&#x9BE; &#x9AC;&#x9BE;&#x9B0;&#x9CD;&#x9B7;&#x9BF;&#x995;&#x9C0; &#x9B8;&#x9C7;&#x9AE;&#x9BF;&#x9A8;&#x9BE;&#x9B0; &#x9E8;&#x9E6;&#x9E6;&#x9E7; /</subfield>
    <subfield code="c">&#x996; &#x9AE; &#x986;&#x9AC;&#x9CD;&#x9A6;&#x9C1;&#x9B2; &#x986;&#x989;&#x9AF;&#x9BC;&#x9BE;&#x9B2; &#x995;&#x9B0;&#x9CD;&#x9A4;&#x9C3;&#x995; &#x9B8;&#x982;&#x995;&#x9B2;&#x9BF;&#x9A4; &#x993; &#x9B8;&#x9AE;&#x9CD;&#x9AA;&#x9BE;&#x9A6;&#x9BF;&#x9A4;&#x964; </subfield>
  </datafield>
  <datafield tag="260" ind1=" " ind2=" ">
    <subfield code="a">&#x9A2;&#x9BE;&#x995;&#x9BE; : </subfield>
    <subfield code="b">&#x9AC;&#x9BE;&#x982;&#x9B2;&#x9BE;&#x9A6;&#x9C7;&#x9B6; &#x9AC;&#x9BF;&#x9B6;&#x9CD;&#x9AC;&#x9AC;&#x9BF;&#x9A6;&#x9CD;&#x9AF;&#x9BE;&#x9B2;&#x9AF;&#x9BC; &#x9AE;&#x99E;&#x9CD;&#x99C;&#x9C1;&#x9B0;&#x9BF; &#x995;&#x9AE;&#x9BF;&#x9B6;&#x9A8;, </subfield>
    <subfield code="c">&#x9E8;&#x9E6;&#x9E6;&#x9E7;&#x964;</subfield>
  </datafield>
  <datafield tag="300" ind1=" " ind2=" ">
    <subfield code="a">&#x9E8;&#x9E6;&#x9EE; &#x9AA;&#x9C3;&#x9B7;&#x9CD;&#x9A0;&#x9BE; ;</subfield>
    <subfield code="c">&#x9E8;&#x9EB; &#x9B8;&#x9C7;&#x9AE;&#x9BF;.&#x964;</subfield>
  </datafield>
  <datafield tag="650" ind1=" " ind2=" ">
    <subfield code="a">Higher Education</subfield>
    <subfield code="z">Bangladesh.</subfield>
  </datafield>
  <datafield tag="700" ind1=" " ind2=" ">
    <subfield code="a">&#x986;&#x989;&#x9AF;&#x9BC;&#x9BE;&#x9B2;, &#x996; &#x9AE; &#x986;&#x9AC;&#x9CD;&#x9A6;&#x9C1;&#x9B2;&#x964;</subfield>
  </datafield>
  <datafield tag="710" ind1=" " ind2=" ">
    <subfield code="a">&#x9AC;&#x9BE;&#x982;&#x9B2;&#x9BE;&#x9A6;&#x9C7;&#x9B6; &#x9AC;&#x9BF;&#x9B6;&#x9CD;&#x9AC;&#x9AC;&#x9BF;&#x9A6;&#x9CD;&#x9AF;&#x9BE;&#x9B2;&#x9AF;&#x9BC; &#x9AE;&#x99E;&#x9CD;&#x99C;&#x9C1;&#x9B0;&#x9BF; &#x995;&#x9AE;&#x9BF;&#x9B6;&#x9A8;&#x964;</subfield>
  </datafield>
  <datafield tag="942" ind1=" " ind2=" ">
    <subfield code="2">ddc</subfield>
    <subfield code="c">BK</subfield>
  </datafield>
  <datafield tag="952" ind1=" " ind2=" ">
    <subfield code="0">0</subfield>
    <subfield code="1">0</subfield>
    <subfield code="2">ddc</subfield>
    <subfield code="4">0</subfield>
    <subfield code="7">0</subfield>
    <subfield code="a">UAPCL</subfield>
    <subfield code="b">UAPCL</subfield>
    <subfield code="c">General Stacks</subfield>
    <subfield code="d">2020-02-19</subfield>
    <subfield code="o">378.1095492 BAN</subfield>
    <subfield code="p">3010004162</subfield>
    <subfield code="r">2020-02-19</subfield>
    <subfield code="t">1</subfield>
    <subfield code="w">2020-02-19</subfield>
    <subfield code="y">BK</subfield>
  </datafield>
  <datafield tag="952" ind1=" " ind2=" ">
    <subfield code="0">0</subfield>
    <subfield code="1">0</subfield>
    <subfield code="2">ddc</subfield>
    <subfield code="4">0</subfield>
    <subfield code="7">0</subfield>
    <subfield code="a">UAPCL</subfield>
    <subfield code="b">UAPCL</subfield>
    <subfield code="c">General Stacks</subfield>
    <subfield code="d">2020-02-19</subfield>
    <subfield code="o">378.1095492 BAN</subfield>
    <subfield code="p">3010004161</subfield>
    <subfield code="r">2020-02-19</subfield>
    <subfield code="t">2</subfield>
    <subfield code="w">2020-02-19</subfield>
    <subfield code="y">BK</subfield>
  </datafield>
</record>
